000 00883nam0a22002291 4500
001 rc\3185508
005 20250530092359.0
035 _a(NLR Aleph) 007336806
090 _a6067108
_c6067108
100 _a20120628a19759999|||y0rusy50 ca
101 0 _arus
102 _aRU
105 _ay d |||||
200 1 _aВоенно-морские силы капиталистических стран
_eРеф. сборник
_fЦНИИ "Румб"
210 _a[Ленинград]
_cБ. и.
_d1975-
225 1 _aОтраслевая система ИРИ
801 0 _aRU
_bNLR
_gpsbo
801 1 _aRU
_bELAR
_2rusmarc
830 _aПеречень имеющихся в библиотеке томов, номеров, годов этого издания смотри в каталоге периодических изданий
852 _aNLR
_jС П-1/439
942 _cBOOK
980 _aNB